[Event "Open"]
[Site "Dos Hermanas ESP"]
[Date "2000.04.14"]
[Round "8"]
[White "Damljanovic,B"]
[Black "Banikas,H"]
[Result "1/2-1/2"]
[WhiteElo "2534"]
[BlackElo "2535"]

1.Nf3 Nf6 2.g3 g6 3.c4 Bg7 4.Bg2 O-O 5.O-O d6 6.d4 c6 7.Nc3 Qa5 8.e4 Bg4
9.h3 Bxf3 10.Bxf3 Nbd7 11.a3 Ne8 12.Be3 c5 13.b4 Qd8 14.Ne2 cxd4 15.Nxd4 Ne5
16.Be2 Qc8 17.Kg2 Nxc4 18.Bxc4 Qxc4 19.Rc1 Qa6 20.Qb3 Nf6 21.Rc7 Nxe4 22.Ne6 Rac8
23.Rfc1 Rxc7 24.Rxc7 Re8 25.b5 Qa5 26.Rxb7 Be5 27.Nc7 Rf8 28.Nd5 e6 29.Ne7+ Kh8
30.Nc6 Qe1 31.Nxe5 dxe5 32.Qb4 Qxb4 33.axb4 Nd6 34.Rxa7 Nxb5 35.Rb7 Nd6 36.Rd7 Nf5
37.Bc5 Rb8 38.Rxf7 Nd4 39.Rc7 Rb5 40.Be7 Kg8 41.Rc4 Rd5 42.Bf6 Nf5 43.Re4 Nd6
44.Rxe5 Kf7 45.Rxd5 exd5 46.Be5 Nb5 47.Kf3 Ke6 48.Bb2 Kf5 49.g4+ Ke6 50.Kf4 Nd6
51.f3 Nb5 52.Ke3 Nc7 53.f4 Nb5 54.Kd3 Kd7 55.Ke3 Ke6 56.Bh8 h5 57.f5+ Kf7
58.gxh5 gxf5 59.Be5 Kg8 60.Kf4 d4 61.Kxf5 d3 62.Bf4 Nd6+ 63.Ke6 Nc4 64.Kd5 d2  1/2-1/2

[Event "Schloss Open"]
[Site "Werther GER"]
[Date "2000.04.14"]
[Round "1"]
[White "Lingnau,C"]
[Black "Wisniewski,Pe"]
[Result "1-0"]
[WhiteElo "2366"]
[BlackElo "2104"]

1.Nf3 Nf6 2.c4 g6 3.g3 Bg7 4.Bg2 O-O 5.d4 d5 6.O-O c6 7.b3 Bf5 8.Bb2 Qc8
9.Nbd2 Bh3 10.Re1 Bxg2 11.Kxg2 e6 12.Qc2 Nbd7 13.e4 dxe4 14.Nxe4 Nxe4 15.Qxe4 c5
16.Rad1 Qc7 17.Rd2 Rfe8 18.Red1 Rad8 19.Qc2 cxd4 20.Bxd4 Bxd4 21.Rxd4 Nf6
22.Qd2 Rxd4 23.Qxd4 e5 24.Qxa7 e4 25.Ne1 Qc6 26.Qd4 Re6 27.Nc2 e3+ 28.f3 e2
29.Re1 b5 30.Nb4 Qb7 31.Nd3 Nd7 32.Nf4 Re8 33.Rxe2 Rxe2+ 34.Nxe2 bxc4 35.Qxc4 Ne5
36.Qe4 Qc7 37.g4 Nd7 38.b4 Qa7 39.Qc2 Nf8 40.b5 Ne6 41.a4 Qe7 42.a5 Qh4 43.b6 Ng5
44.Ng1 Nxf3 45.Nxf3 Qxg4+ 46.Kf2  1-0

[Event "Millennium Masters"]
[Site "Oakham ENG"]
[Date "2000.04.17"]
[Round "7"]
[White "McNab,C"]
[Black "Afek,Y"]
[Result "1/2-1/2"]
[WhiteElo "2424"]
[BlackElo "2349"]

1.Nf3 Nf6 2.c4 g6 3.g3 Bg7 4.Bg2 O-O 5.O-O d6 6.d4 Nc6 7.d5 Na5 8.Nbd2 c5
9.e4 e6 10.Rb1 exd5 11.cxd5 Re8 12.b4 cxb4 13.Rxb4 Bg4 14.h3 Bxf3 15.Qxf3 Rc8
16.Nb3 Nxb3 17.Qxb3 Nd7 18.Be3 b6 19.Rc4 Rxc4 20.Qxc4 Nc5 21.Re1  1/2-1/2

[Event "XXXI Open"]
[Site "Mar del Plata ARG"]
[Date "2000.04.20"]
[Round "6"]
[White "Szmetan,J"]
[Black "Peralta,F"]
[Result "1/2-1/2"]
[WhiteElo "2401"]
[BlackElo "2405"]

1.Nf3 Nf6 2.c4 g6 3.g3 Bg7 4.Bg2 O-O 5.O-O d6 6.d4 Nbd7 7.Nc3 e5 8.e4 c6
9.h3 Ne8 10.Be3 f5 11.exf5 gxf5 12.dxe5 dxe5 13.Bg5 Bf6 14.Bxf6 Qxf6 15.Qd2 Ng7
16.Rad1 e4 17.Nh2 Ne5 18.b3 Be6 19.Ne2 Bf7 20.Qe3 Bh5 21.f3 exf3 22.Nxf3 Rae8
23.Qf2 Bxf3 24.Bxf3 Ne6 25.Bg2 a6 26.Rd6 Ng6 27.Rd7 Re7 28.Rfd1 f4 29.gxf4 Rxd7
30.Rxd7 Nexf4 31.Nxf4 Nxf4 32.Kh2 Qe5  1/2-1/2

[Event "Open"]
[Site "Dubai UAE"]
[Date "2000.05.01"]
[Round "4"]
[White "Sorokin,M"]
[Black "Hakki,I"]
[Result "1-0"]
[WhiteElo "2572"]
[BlackElo "2405"]

1.c4 Nf6 2.Nf3 g6 3.g3 Bg7 4.Bg2 O-O 5.Nc3 d6 6.d4 Nc6 7.O-O Bf5 8.d5 Na5
9.Nd4 Bd7 10.Qd3 Ng4 11.Nf3 c6 12.Bd2 Rc8 13.b4 Nxc4 14.Qxc4 cxd5 15.Qb3 d4
16.Nd5 e6 17.Nf4 d5 18.Nd3 Nf6 19.Bg5 Rc3 20.Qd1 h6 21.Bxf6 Bxf6 22.Nde5 Qc7
23.Nxd7 Qxd7 24.Nxd4 Rc4 25.e3 Rxb4 26.Qd2 Rc4 27.Rac1 b5 28.Nb3 Rfc8 29.e4 Bc3
30.Qxh6 d4 31.Rfd1 a5 32.Bf1 R4c7 33.Qg5 b4 34.Qxa5 Ra7 35.Qb5 Qxb5 36.Bxb5 e5
37.Rc2 Rca8 38.Nc1 b3 39.axb3 Ra1 40.Rf1 Rb1 41.Ba4  1-0

[Event "FSFM May"]
[Site "Budapest HUN"]
[Date "2000.05.10"]
[Round "5"]
[White "Schlette,M"]
[Black "Dombai,I"]
[Result "0-1"]
[WhiteElo "2166"]
[BlackElo "2128"]

1.Nf3 Nf6 2.g3 g6 3.Bg2 Bg7 4.c4 O-O 5.O-O d6 6.d4 Nbd7 7.Nc3 a6 8.h3 c5
9.b3 Rb8 10.Bb2 b5 11.cxb5 axb5 12.dxc5 dxc5 13.Nd5 Nxd5 14.Bxg7 Ne3 15.Qd3 Nxf1
16.Bxf8 Nxg3 17.Bh6 Nf5 18.Bf4 Rb6 19.Rc1 Qe8 20.e4 Ng7 21.Bc7 Rb7 22.Bh2 Ne6
23.a4 bxa4 24.bxa4 Ra7 25.Qb5 Ba6 26.Qb2 Bd3 27.Ne1 c4 28.Nxd3 cxd3 29.Qb5 d2
30.Rd1 Qc8 31.Qb4 Ndc5 32.a5 Qa8 33.Qxd2 Rxa5 34.Be5 Ra7 35.Rb1 Rb7 36.Ra1 Qc8
37.Qd5 Nd7 38.Bg3 Nf6 39.Qa5 Rd7 40.Rb1 Qc5 41.Rb8+ Kg7 42.Qxc5 Nxc5 43.Rb4 Nd3
44.Rb1 Nh5 45.Bb8 e5 46.Bf1 Nhf4 47.Bxd3 Nxd3 48.Rd1 f6 49.f4 Nc5 50.Bd6 exf4
51.Rd5 Rxd6 52.Rxd6 Nxe4 53.Rd4 f5 54.Kg2 Kf6 55.h4 h6 56.Kf3 g5 57.Rd8 Nc5
58.Rf8+ Ke5 59.Re8+ Ne6 60.Rh8 g4+  0-1

[Event "Capablanca Mem Premier II"]
[Site "Varadero CUB"]
[Date "2000.05.13"]
[Round "6"]
[White "Szekely,P"]
[Black "Vazquez,R"]
[Result "1/2-1/2"]
[WhiteElo "2428"]
[BlackElo "2429"]

1.Nf3 Nf6 2.c4 g6 3.g3 Bg7 4.Bg2 O-O 5.O-O d6 6.Nc3 Nc6 7.d4 a6 8.h3 Rb8
9.Qc2 Bd7 10.e4 b5 11.cxb5 axb5 12.b3 b4 13.Ne2 Qc8 14.Bb2 Qa6 15.Nf4 Rfc8
16.Rfe1 e6 17.d5 Nd8 18.dxe6 Nxe6 19.Nd5 Nxd5 20.exd5 Nc5 21.Bxg7 Kxg7 22.Qd2 Kg8
23.Ng5 Rf8 24.Re7 Qd3 25.Rae1 Qf5 26.Ne6 Bxe6 27.dxe6 Nd3 28.exf7+ Rxf7 29.Rxf7 Kxf7
30.Qc2 Nxe1 31.Qxc7+ Ke6 32.Qxb8 Nxg2 33.Kxg2  1/2-1/2

[Event "Capablanca Mem Premier II"]
[Site "Varadero CUB"]
[Date "2000.05.20"]
[Round "11"]
[White "Szekely,P"]
[Black "De la Paz,F"]
[Result "1/2-1/2"]
[WhiteElo "2428"]
[BlackElo "2462"]

1.Nf3 Nf6 2.c4 g6 3.g3 Bg7 4.Bg2 O-O 5.d4 d6 6.Nc3 Nc6 7.O-O a6 8.h3 Bd7
9.e4 e5 10.Be3 exd4 11.Nxd4 Re8 12.Re1 Qc8 13.Nxc6 bxc6 14.Kh2  1/2-1/2

[Event "Guillermo Garcia Premier II"]
[Site "Santa Clara CUB"]
[Date "2000.05.25"]
[Round "2"]
[White "Hernandez,Rom"]
[Black "Dominguez,L"]
[Result "0-1"]
[WhiteElo "2402"]
[BlackElo "2508"]

1.c4 Nf6 2.g3 g6 3.Bg2 Bg7 4.Nf3 O-O 5.O-O d6 6.Nc3 Nc6 7.d3 e5 8.Rb1 a5
9.Bg5 h6 10.Bxf6 Bxf6 11.a3 Bg7 12.b4 axb4 13.axb4 Be6 14.Qc2 Ne7 15.Nd2 c6
16.e4 f5 17.exf5 gxf5 18.c5 d5 19.Ne2 f4 20.gxf4 exf4 21.Nf3 Bg4 22.Rb3 Qe8
23.d4 Qh5 24.Kh1 Ng6 25.Neg1 Bf5 26.Qd2 Be4 27.b5 Rf6 28.Re1 Kh8 29.Qe2 Rg8
30.Ra1 Bf8 31.bxc6 bxc6 32.Ra7 Ne7 33.Rb8 Rfg6  0-1

[Event "ch-Europe Women"]
[Site "Batumi GEO"]
[Date "2000.05.28"]
[Round "1.4"]
[White "Gurieli,N"]
[Black "Eidelson,R"]
[Result "1-0"]
[WhiteElo "2362"]
[BlackElo "2333"]

1.Nf3 Nf6 2.g3 g6 3.Bg2 Bg7 4.c4 O-O 5.O-O d6 6.Nc3 e5 7.d3 Nh5 8.Rb1 f5
9.Bg5 Qd7 10.Bd2 f4 11.b4 Qd8 12.b5 Nd7 13.Ne4 Nhf6 14.Nfg5 Qe7 15.Qb3 Kh8
16.Nxf6 Nxf6 17.Ne4 Ng4 18.Bb4 Be6 19.Qc2 b6 20.a4 h6 21.a5 Rad8 22.axb6 axb6
23.Ra1 fxg3 24.hxg3 Bf5 25.Bf3 Rf7 26.Ra7 Bxe4 27.Bxg4 Qg5 28.dxe4 Qxg4 29.Kg2 Rdf8
30.f3 Qe6 31.Bd2 g5 32.g4 Kg8 33.Rh1 Bh8 34.Qd3 Qg6 35.Qd5 Kh7 36.Rh5 Bf6
37.Ra1 Kg7 38.Ra7 Re8 39.Be3 Rfe7 40.Qc6 Qf7 41.Qd5 Qxd5 42.cxd5 Kg6 43.Rh1 Rh7
44.Kg3 Reh8 45.Rh5 Rc8 46.Rh1 h5 47.gxh5+ Rxh5 48.Rxh5 Kxh5 49.Ra1 Rg8 50.Rc1 Bd8
51.Rh1+ Kg6 52.Kg4 Bf6 53.Rh5 Ra8 54.Bxg5 Bg7 55.Rh2 Ra5 56.Bd8 Rxb5 57.Bxc7 Bf8
58.Rh8 Kg7 59.Rh1 Rb2 60.Kf5 Kf7 61.Rh7+ Kg8 62.Rd7 b5 63.Bxd6 Bh6 64.Kg6  1-0

[Event "ch-IND"]
[Site "Mumbai IND"]
[Date "2000.05.31"]
[Round "14"]
[White "Neelotpal,D"]
[Black "Sundararajan,K"]
[Result "1-0"]
[WhiteElo "2436"]
[BlackElo "2433"]

1.Nf3 Nf6 2.c4 g6 3.g3 Bg7 4.Bg2 O-O 5.O-O d5 6.d4 dxc4 7.Na3 Nc6 8.Nxc4 Be6
9.b3 a5 10.a4 Bd5 11.e3 Qc8 12.Ba3 h6 13.Nfe5 Bxg2 14.Kxg2 Qe6 15.Nd3 Rfe8
16.Qf3 Qd5 17.Rac1 e6 18.Nc5 b6 19.Nd3 Ne7 20.Nd2 Rac8 21.Rc4 Qd8 22.Rfc1 Nf5
23.Rc6 Nd7 24.Ne4 Nb8 25.R6c4 c5 26.Qe2 Qd5 27.dxc5 bxc5 28.Kg1 Nd7 29.Bxc5 Nxc5
30.Nexc5 Nd6 31.R4c2 Rc7 32.Nf4 Qa8 33.Qd3 Nf5 34.Nd7 Rxc2 35.Qxc2 e5 36.Nd3 Qf3
37.Qc6 e4 38.Nf6+ Bxf6 39.Qxe8+ Kg7 40.Ne1 Qg4 41.Rc8  1-0

[Event "Master Open"]
[Site "Lausanne SUI"]
[Date "2000.06.02"]
[Round "4"]
[White "Prie,E"]
[Black "Volokitin,A"]
[Result "1-0"]
[WhiteElo "2501"]
[BlackElo "2347"]

1.Nf3 Nf6 2.c4 g6 3.g3 Bg7 4.Bg2 O-O 5.O-O d6 6.d4 Nbd7 7.Nc3 e5 8.e4 a6
9.Re1 exd4 10.Nxd4 Ne5 11.b3 c5 12.Nc2 Ne8 13.Bd2 b5 14.cxb5 axb5 15.Nxb5 Nd3
16.Re3 Bxa1 17.Qxa1 Ba6 18.Rxd3 Bxb5 19.Rc3 Ng7 20.Rf3 Ra7 21.Bc3 f5 22.Ne3 Bc6
23.exf5 Qa8 24.Qd1 Nxf5 25.Rxf5 Rxf5 26.Bh3 d5 27.Nxf5 gxf5 28.Bxf5 d4 29.Qg4+ Kf8
30.Bd2 Rxa2  1-0

[Event "FSIMB June"]
[Site "Budapest HUN"]
[Date "2000.06.05"]
[Round "3"]
[White "Vadasz,L"]
[Black "Daamen,F"]
[Result "1/2-1/2"]
[WhiteElo "2285"]
[BlackElo "2155"]

1.Nf3 Nf6 2.c4 g6 3.g3 Bg7 4.Bg2 O-O 5.O-O c6 6.d4 d5 7.Qa4 dxc4 8.Qxc4 Na6
9.Nc3 Be6 10.Qa4 Nd5 11.h3 h6 12.e4 Nb6 13.Qd1 Qd7 14.Kh2 Rfd8 15.Be3 Nc4
16.Qe2 Nxe3 17.fxe3 Qc7 18.Rad1 Qa5 19.a3 Nc7 20.Rc1 Rac8 21.Nd2 h5 22.e5 Qa6
23.Qxa6 Nxa6 24.Ne2 Bxe5 25.Ne4 Bg7 26.Ng5 Nc7 27.Nf4 Ba2  1/2-1/2

[Event "FSGM June"]
[Site "Budapest HUN"]
[Date "2000.06.07"]
[Round "5"]
[White "Almasi,I"]
[Black "Nguyen Anh Dung"]
[Result "1/2-1/2"]
[WhiteElo "2420"]
[BlackElo "2496"]

1.Nf3 Nf6 2.c4 g6 3.g3 Bg7 4.Bg2 O-O 5.d4 d5 6.cxd5 Nxd5 7.O-O Nc6 8.e4 Nb6
9.d5 Na5 10.Qe1 Nac4 11.Nc3 Re8 12.b3 Nd6 13.e5 Nf5 14.Qe4 e6 15.Rd1 exd5
16.Nxd5 Nxd5 17.Rxd5 Qe7 18.Rd1 c6 19.Re1 h6 20.Bb2 Be6 21.Nd4 Nxd4 22.Qxd4 Red8
23.Qe3 a5 24.Bd4 Bf8 25.Bb6 Rd7 26.a3 Bd5 27.Bh3 Be6 28.Bg2 Bd5 29.Bh3  1/2-1/2

[Event "FSIMA June"]
[Site "Budapest HUN"]
[Date "2000.06.11"]
[Round "9"]
[White "Froehlich,P"]
[Black "Pinter,G"]
[Result "1-0"]
[WhiteElo "2375"]
[BlackElo "2378"]

1.c4 Nf6 2.Nf3 g6 3.g3 Bg7 4.Bg2 O-O 5.O-O d6 6.Nc3 e5 7.d4 Nbd7 8.e4 c6
9.h3 a6 10.d5 cxd5 11.cxd5 b5 12.Ne1 b4 13.Na4 a5 14.Be3 Ba6 15.Nd3 Qb8 16.Re1 Qb5
17.Bf1 Qb7 18.Bd2 Rfc8 19.b3 Nxe4 20.Rxe4 Qxd5 21.Re3 Bb7 22.f3 Bh6 23.Re4 Bxd2
24.Qxd2 f5 25.Ree1 Qxf3 26.Qg2 Rc2 27.Qxf3 Bxf3 28.Rec1 Rd2 29.Ne1 Be4 30.Rd1 Rxd1
31.Rxd1 d5 32.Rc1 Rd8 33.Rc7 Nf6 34.Nc5 d4 35.Re7 Re8 36.Bc4+ Kh8 37.Rxe8+ Nxe8
38.Nd7 Nd6 39.Nxe5 Bb1 40.Nc6 Bxa2 41.Nxa5 Nxc4 42.bxc4 Kg7 43.Nd3 b3 44.Nb2 Kf6
45.Nc6 g5 46.Kf2 Ke6 47.Nxd4+ Ke5 48.c5 Kxd4 49.c6 Kc3 50.c7 Kxb2 51.c8=Q Ka1
52.Qc1+ Bb1 53.Ke3 b2 54.Qd1  1-0

[Event "FSIMB June"]
[Site "Budapest HUN"]
[Date "2000.06.12"]
[Round "10"]
[White "Vadasz,L"]
[Black "Bognar,C"]
[Result "1-0"]
[WhiteElo "2285"]
[BlackElo "2246"]

1.Nf3 Nf6 2.c4 g6 3.g3 Bg7 4.Bg2 O-O 5.O-O d6 6.Nc3 e5 7.d4 Nc6 8.dxe5 dxe5
9.Bg5 h6 10.Qxd8 Rxd8 11.Bxf6 Bxf6 12.Nd5 Bg7 13.Nxc7 Rb8 14.e4 Bg4 15.Nd5 Bxf3
16.Bxf3 Nd4 17.Bg2 b5 18.cxb5 Rxb5 19.b4 Nc2 20.Rab1 Rdb8 21.a4 R5b7 22.b5 Bf8
23.Rbc1 Nd4 24.Rc4 Be7 25.Kh1 Bd8 26.Rfc1 Ne2 27.Re1 Nd4 28.h4 Kg7 29.Bh3 Ra8
30.Rec1 Rbb8 31.Nb4 g5 32.h5 Ba5 33.Nc6 Nxc6 34.bxc6 Bc7 35.Rd1 a5 36.Rd7 Ra7
37.Be6 Rf8 38.Kg2 Kf6 39.Bd5 g4 40.Rc1 Kg7 41.Rb1 Kf6 42.Rb5 Kg7 43.Be6  1-0

[Event "zt 1.9"]
[Site "Ordzhonikidze UKR"]
[Date "2000.06.14"]
[Round "6"]
[White "Anapolsky,S"]
[Black "Sulypa,A"]
[Result "1/2-1/2"]
[WhiteElo "2448"]
[BlackElo "2449"]

1.Nf3 Nf6 2.c4 g6 3.g3 Bg7 4.Bg2 O-O 5.O-O d6 6.d4 Nc6 7.Nc3 a6 8.h3 Bd7
9.Bg5 h6 10.Be3 Rb8 11.Rc1 b5 12.cxb5 axb5 13.Nd2 e5 14.dxe5 Nxe5 15.b3 b4
16.Nce4 Nd5 17.Bd4 f5 18.Bxe5 dxe5 19.Nc4 c6 20.Nc5 e4 21.f3 exf3 22.Bxf3 Bc8
23.Kh2 Rb5 24.Nd3 Qe7 25.Nf4 Kh7 26.Qd3 Nxf4 27.gxf4 Rd8 28.Qc2 Be6 29.Bxc6 Rc5
30.Bf3 g5 31.Rcd1 gxf4 32.Rxd8 Qxd8 33.Qd1 Bd4 34.Qd3  1/2-1/2

[Event "TCh-POR"]
[Site "Aveiro POR"]
[Date "2000.06.18"]
[Round "5"]
[White "Frois,A"]
[Black "Santos,CP"]
[Result "1/2-1/2"]
[WhiteElo "2350"]
[BlackElo "2379"]

1.Nf3 Nf6 2.c4 g6 3.g3 Bg7 4.Bg2 O-O 5.O-O c5 6.d4 cxd4 7.Nxd4 Nc6 8.Nc3 Ng4
9.e3 d6 10.b3 a6 11.Bb2 Nxd4 12.exd4 Rb8 13.a4 Nh6 14.Rc1 Nf5 15.Ne2 b5 16.axb5 axb5
17.c5 dxc5 18.Rxc5 Rb6 19.Qd2 Rd6 20.d5 Bb7 21.Bxg7 Nxg7 22.Rxb5 Ba6 23.Rb4 Qa5
24.Rd4 Qb6 25.Re1 Bxe2 26.Rxe2 Qxb3 27.Rb4 Qa3 28.Rxe7 Ne6 29.h3 Rc8 30.Rbb7 Qc1+
31.Qxc1 Rxc1+ 32.Kh2 Nc5 33.Rbc7 Nd3 34.Rc6 Kf8 35.Rb7 Rd8 36.Rf6 Ne5 37.Ra6 Rc2
38.Kg1 Rc1+ 39.Kh2 Rc2  1/2-1/2

[Event "zt 1.4"]
[Site "Budapest HUN"]
[Date "2000.06.18"]
[Round "2"]
[White "Horvath,Jo"]
[Black "Vajda,L"]
[Result "1-0"]
[WhiteElo "2557"]
[BlackElo "2459"]

1.Nf3 Nf6 2.c4 g6 3.g3 Bg7 4.Bg2 O-O 5.O-O d6 6.Nc3 Nbd7 7.Rb1 e5 8.d3 a5
9.a3 h6 10.b4 axb4 11.axb4 Kh7 12.Qc2 Ng8 13.Bb2 f5 14.Ra1 Rb8 15.Ra7 Ne7
16.b5 Nc5 17.Na4 Nxa4 18.Qxa4 e4 19.Nd4 exd3 20.exd3 f4 21.Be4 Rf7 22.Rb1 Bxd4
23.Bxd4 Nf5 24.Bc3 Qg5 25.Qa2 Be6 26.Qd2 Ne7 27.Rxb7 Rxb7 28.Bxb7 Qh5 29.Re1 Bg4
30.Bb2 fxg3 31.hxg3 Bf3 32.Bxf3 Qxf3 33.Re3 Qf5 34.Qe2 Ng8 35.Re8 h5 36.Kg2 Qd7
37.Qe4 Rf5 38.Qd4 Nf6 39.Rf8  1-0

[Event "zt 1.4"]
[Site "Budapest HUN"]
[Date "2000.06.21"]
[Round "5"]
[White "Markowski,T"]
[Black "Vajda,L"]
[Result "1/2-1/2"]
[WhiteElo "2531"]
[BlackElo "2459"]

1.Nf3 Nf6 2.c4 g6 3.g3 Bg7 4.Bg2 O-O 5.O-O d6 6.Nc3 e5 7.d4 Nbd7 8.Rb1 c6
9.b4 exd4 10.Nxd4 Ng4 11.e3 Nge5 12.Qe2 a5 13.f4 axb4 14.Ne4 Nxc4 15.Qxc4 d5
16.Nxc6 dxc4 17.Nxd8 Rxd8 18.Rxb4 Rxa2 19.Rxc4 b5 20.Rc7 Nb6 21.Ng5 Rd7 22.Rc5 Ba6
23.Bc6 Rc7 24.Be8 Re7 25.Bxb5 Bb7 26.Nf3 Na4 27.Bxa4  1/2-1/2

[Event "White Nights Open"]
[Site "St Petersburg RUS"]
[Date "2000.06.25"]
[Round "3"]
[White "Groenn,A"]
[Black "Altshul,R"]
[Result "1-0"]
[WhiteElo "2362"]
[BlackElo "2333"]

1.Nf3 Nf6 2.c4 g6 3.g3 Bg7 4.Bg2 O-O 5.d4 d6 6.O-O Nc6 7.d5 Na5 8.Nbd2 c5
9.e4 Rb8 10.Rb1 Bd7 11.Qc2 a6 12.b3 b5 13.Bb2 e5 14.Ne1 Nh5 15.Nd3 f5 16.f4 bxc4
17.bxc4 Rxb2 18.Qxb2 exf4 19.Qb6 fxg3 20.Qxd6 Qh4 21.h3 Qg5 22.Qxd7 Qxd2
23.Rbd1 Qe3+ 24.Kh1 Nxc4 25.exf5 Nd2 26.Qe6+ Qxe6 27.fxe6 Nxf1 28.e7 Ne3
29.d6 Nf6 30.exf8=Q+ Bxf8 31.Rc1 Nxg2 32.Kxg2 Bxd6 33.Nxc5 h5 34.h4 Nd5 35.Kf3 g5
36.hxg5 h4 37.Ne4 Nb4 38.Nxd6  1-0

[Event "White Nights Open"]
[Site "St Petersburg RUS"]
[Date "2000.06.28"]
[Round "5"]
[White "Groenn,A"]
[Black "Turikov,V"]
[Result "1-0"]
[WhiteElo "2362"]
[BlackElo "2311"]

1.Nf3 Nf6 2.c4 g6 3.g3 Bg7 4.Bg2 O-O 5.d4 d6 6.O-O a6 7.Nc3 Nc6 8.d5 Na5
9.Nd2 c5 10.Qc2 Rb8 11.b3 b5 12.Bb2 e5 13.Rae1 Bh6 14.Ncb1 Nb7 15.e3 Nh5
16.f4 f6 17.Nc3 Bd7 18.Nce4 Qe7 19.Bf3 Ng7 20.g4 Ne8 21.Ng3 f5 22.gxf5 Bxf5
23.Nxf5 gxf5 24.fxe5 dxe5 25.Qc3 Bg7 26.e4 b4 27.Qe3 f4 28.Qf2 Nf6 29.Kh1 Kh8
30.Rg1 Rg8 31.Rg5 Nd7 32.Reg1 Bf6 33.Rxg8+ Rxg8 34.Rxg8+ Kxg8 35.Bg4 Nf8
36.Bc8 Nd8 37.Qg1+ Ng6 38.Qg4 a5 39.Nf3 Nf7 40.Be6 Kg7 41.h4 Nh6 42.Qg2 Bxh4
43.Nxe5 Bf6 44.Nc6 Qf8 45.e5 Bh4 46.Qf3 Bg5 47.d6 Nh4 48.Qh5 Bd8 49.Bd5 N4f5
50.e6+  1-0

[Event "FSIMB July"]
[Site "Budapest HUN"]
[Date "2000.07.09"]
[Round "9"]
[White "Vadasz,L"]
[Black "Froehlich,P"]
[Result "1/2-1/2"]
[WhiteElo "2285"]
[BlackElo "2375"]

1.Nf3 Nf6 2.c4 g6 3.g3 Bg7 4.Bg2 O-O 5.O-O d6 6.Nc3 e5 7.d4 Nbd7 8.e4 exd4
9.Nxd4 Re8 10.h3 a6 11.b3 Rb8 12.Be3 c5 13.Nde2 b5 14.Qxd6 b4 15.Na4 Nxe4
16.Bxe4 Rxe4 17.Rad1 Qe8 18.Nf4  1/2-1/2

[Event "ch-Paris"]
[Site "Paris FRA"]
[Date "2000.07.18"]
[Round "4"]
[White "Paci,C"]
[Black "Pelle,G"]
[Result "1-0"]
[WhiteElo "2179"]
[BlackElo "2280"]

1.Nf3 Nf6 2.c4 g6 3.g3 Bg7 4.Bg2 O-O 5.O-O d6 6.d4 Nbd7 7.Nc3 e5 8.Qc2 Re8
9.e4 c6 10.h3 a5 11.Be3 a4 12.Rad1 Qa5 13.Rfe1 Qb4 14.c5 dxc5 15.dxe5 Nxe5
16.Nxe5 Rxe5 17.f4 Re8 18.e5 Nd7 19.Ne4 Bf8 20.Bf1 Be7 21.Bf2 b5 22.Nd6 Bxd6
23.exd6 Rd8 24.Re7 c4 25.Qe4 Nf8 26.Qxc6 Bd7 27.Qd5 Be6 28.Qe5 Nd7 29.Rxd7 Rxd7
30.Be1 Qxe1 31.Rxe1 b4 32.Qb5 b3 33.axb3 Rxd6 34.bxa4 Rd2 35.Bxc4 Bxc4 36.Qxc4 Rxb2
37.a5 Rb7 38.Qc6 Raa7 39.a6 Re7 40.Rxe7 Rxe7 41.Qb7  1-0

[Event "10th Open"]
[Site "Jyvaskyla FIN"]
[Date "2000.07.19"]
[Round "2"]
[White "Haapasalo,JP"]
[Black "Kochyev,A"]
[Result "1/2-1/2"]
[WhiteElo "2170"]
[BlackElo "2422"]

1.Nf3 Nf6 2.c4 g6 3.g3 Bg7 4.Bg2 O-O 5.O-O c6 6.d4 d6 7.Nc3 Nbd7 8.e4 e5
9.b3 Re8 10.h3 a5 11.Re1 Qe7 12.d5 Nc5 13.Bg5 h6 14.Bxf6 Qxf6 15.Rb1 Qd8  1/2-1/2

[Event "Golden Cleopatra Open"]
[Site "Cairo EGY"]
[Date "2000.07.20"]
[Round "9"]
[White "Donchenko,A"]
[Black "Ezat,M"]
[Result "1-0"]
[WhiteElo "2457"]
[BlackElo "2348"]

1.Nf3 Nf6 2.c4 g6 3.g3 Bg7 4.Bg2 O-O 5.O-O d6 6.Nc3 Nc6 7.Rb1 a6 8.d3 Rb8
9.b4 b5 10.Nd2 Bd7 11.a3 e5 12.Bb2 Ne7 13.Nb3 Be6 14.Nd2 Qd7 15.e4 Bh3 16.Nd5 Bxg2
17.Nxf6+ Bxf6 18.Kxg2 Bg7 19.cxb5 axb5 20.Nf3 Qe6 21.d4 h6 22.dxe5 dxe5 23.Qc2 f5
24.exf5 Rxf5 25.Qe4 Qf6 26.Nh4 Rh5 27.Rbe1 Qe6 28.f4 Rd8 29.Re2 Qd5 30.Nf3 Qxe4
31.Rxe4 Rf5 32.Bxe5 Bxe5 33.Nxe5 Rff8 34.Rc1 Rd2+ 35.Kh3 Rc8 36.Rc5 c6 37.Nc4 bxc4
38.Rxe7 Ra2 39.b5 Rxa3 40.bxc6 Kf8 41.Rh7 Kg8 42.Rd7 Rd3 43.Rxc4 Rxc6 44.Rxc6 Rxd7
45.Rxg6+ Kh7 46.Ra6 Rd2 47.g4 Kg7 48.Kg3 Rb2 49.Ra3 Rc2 50.h3 Rc4 51.f5 Rc1
52.Kh4 Rh1 53.Kh5 Rh2 54.h4  1-0

[Event "MTO Open"]
[Site "Biel SUI"]
[Date "2000.07.24"]
[Round "1"]
[White "Meyer,B"]
[Black "Jaracz,P"]
[Result "0-1"]
[WhiteElo "2235"]
[BlackElo "2511"]

1.Nf3 g6 2.g3 Bg7 3.Bg2 Nf6 4.c4 O-O 5.O-O c5 6.Nc3 Nc6 7.d3 a6 8.Rb1 Rb8
9.a3 b5 10.cxb5 axb5 11.b4 cxb4 12.axb4 d5 13.Bg5 d4 14.Bxf6 exf6 15.Ne4 Be6
16.Nc5 Bd5 17.Qd2 Re8 18.Rfe1 f5 19.Nh4 Ne7 20.Bh3 Ba8 21.Ra1 Nd5 22.Ra7 Re7
23.Rxe7 Qxe7 24.Ng2 Re8 25.Rc1 Be5 26.Nh4 Bd6 27.Qh6 Qf8 28.Qg5 Be7 29.Qd2 Bxc5
30.bxc5 Qxc5 31.Qh6  0-1

[Event "Open"]
[Site "Dieren NED"]
[Date "2000.07.25"]
[Round "7"]
[White "Odendahl,R"]
[Black "L'Ami,E"]
[Result "1/2-1/2"]
[WhiteElo "2349"]
[BlackElo "2295"]

1.c4 Nf6 2.g3 g6 3.Bg2 Bg7 4.Nf3 O-O 5.O-O c5 6.d4 cxd4 7.Nxd4 Nc6 8.Nc3 d6
9.Nc2 Be6 10.b3 Qa5 11.Bd2 Rfc8 12.Nd5 Qd8 13.Rc1 Rab8 14.Bc3 Nxd5 15.Bxg7 Ne3
16.Nxe3 Kxg7 17.Qd2 Qa5 18.Rfd1 Qxd2 19.Rxd2 a5 20.h4 Nb4 21.a3 Na6 22.Nd5 Bxd5
23.Bxd5 b5 24.Rdd1 Nc5 25.cxb5 Rxb5 26.Rc3 Rcb8 27.Rf3 e6 28.Bc4 R5b6 29.a4 Nxb3
30.Bxb3 Rxb3 31.Rxb3 Rxb3 32.Rxd6 Rb4 33.Rd7 Rxa4 34.Ra7 Ra1+ 35.Kg2 a4 36.g4 a3
37.g5 a2 38.Ra8 h6 39.e3 e5 40.Kh2 e4 41.Kg2 h5 42.Kh2 f5 43.Ra7+ Kf8 44.Kg2 Ke8
45.Kh2 Kd8 46.Kg2 Kc8 47.Ra3 Kd7 48.Ra6 Kc7 49.Ra8 Kc6 50.Ra6+ Kb5 51.Ra8 Kc4
52.Rc8+ Kd3 53.Rd8+ Kc2 54.Ra8 Kd3 55.Rd8+ Kc4 56.Rc8+ Kb5 57.Ra8 Kb6 58.Ra4 Kc6  1/2-1/2

[Event "Continental Open"]
[Site "Los Angeles USA"]
[Date "2000.07.28"]
[Round "5"]
[White "Donaldson,J"]
[Black "Smith,BG"]
[Result "1-0"]
[WhiteElo "2396"]
[BlackElo "2313"]

1.Nf3 Nf6 2.c4 g6 3.g3 Bg7 4.Bg2 O-O 5.d4 d6 6.O-O Nbd7 7.Nc3 e5 8.e3 Re8
9.a4 c6 10.a5 a6 11.b4 h5 12.Bb2 e4 13.Nd2 d5 14.Na4 Nf8 15.cxd5 cxd5 16.Qb3 Bg4
17.Nb6 Rb8 18.f3 exf3 19.Nxf3 Be6 20.Ng5 N8d7 21.Nxe6 fxe6 22.Na4 h4 23.Qd3 hxg3
24.hxg3 Nf8 25.Nc5 Ng4 26.Rxf8+ Kxf8 27.Rf1+ Nf6 28.Qxg6 Qe7 29.e4 Kg8 30.Bh3 b6
31.Bxe6+ Kh8 32.Kg2 bxc5 33.Rh1+ Bh6 34.Rxh6+  1-0

[Event "ch-GBR"]
[Site "Millfield ENG"]
[Date "2000.08.08"]
[Round "8"]
[White "Koneru,H"]
[Black "Pert,N"]
[Result "1-0"]
[WhiteElo "2286"]
[BlackElo "2455"]

1.c4 Nf6 2.Nf3 g6 3.g3 Bg7 4.Bg2 O-O 5.O-O d6 6.d4 Nbd7 7.b3 a5 8.Nc3 e5
9.Bb2 Re8 10.dxe5 dxe5 11.Qc2 c6 12.Rad1 Qb6 13.Na4 Qa6 14.Nd2 Rb8 15.c5 Qxe2
16.Rfe1 Qh5 17.Nc4 Re7 18.Qd2 e4 19.Qxa5 e3 20.Nxe3 b5 21.Nb6 Nf8 22.Nxc8 Rxc8
23.Qa6 Rce8 24.Bxf6 Bxf6 25.Bxc6 Re6 26.Qxb5 Rc8 27.Rd5 Qf3 28.Bb7 Bc3 29.Qe2 Qxe2
30.Rxe2 Rc7 31.c6 Bb4 32.Rc2 Bd6 33.Rd3 Rce7 34.Rxd6 Rxd6 35.c7 Rxc7 36.Rxc7 Ne6
37.Rc8+ Kg7 38.Bd5 Nd4 39.Rc7 Rf6 40.a4 h5 41.h4  1-0

[Event "TCh-ESP"]
[Site "Barcelona ESP"]
[Date "2000.08.09"]
[Round "5"]
[White "Schmidt,JP"]
[Black "Ricardi,P"]
[Result "0-1"]
[WhiteElo "2315"]
[BlackElo "2488"]

1.Nf3 Nf6 2.c4 g6 3.g3 Bg7 4.Bg2 O-O 5.d4 d5 6.O-O dxc4 7.Na3 c3 8.bxc3 c5
9.e3 Nc6 10.Qe2 Nd5 11.Bb2 Nb6 12.Rac1 Qd5 13.c4 Qh5 14.dxc5 Bxb2 15.Qxb2 Na4
16.Qb5 Nxc5 17.Nd4 Ne5 18.Rcd1 Bd7 19.Qb1 Rac8 20.Nab5 Na4 21.Qb4 a6 22.Qxa4 Rxc4
23.Qa3 axb5 24.Qxe7 Re8 25.Qh4 Qxh4 26.gxh4 Ra4 27.Rb1 Bc6 28.Rfc1 Bxg2 29.Kxg2 Rxa2
30.Rc2 Rea8 31.Rxb5 Nd3 32.Rxa2 Rxa2 33.Rxb7 Nxf2 34.Kf3 h5 35.Nc6 Nd1 36.Ne5 Rxh2
37.Kg3 Rf2 38.Rd7 Rf1 39.Nxf7 Nxe3 40.Ng5 Nf5+ 41.Kg2 Ra1 42.Ne4 Ra6 43.Kh3 Re6
44.Rd8+ Kg7 45.Rd7+ Kf8 46.Ng5 Re3+ 47.Kh2 Ke8 48.Ra7 Nxh4 49.Rg7 Kf8 50.Rd7 Nf3+
51.Nxf3 Rxf3 52.Kg2 Rf7 53.Rd5 Kg7 54.Kg3 Rf5 55.Rd4 Kh6 56.Rd6 Kg5 57.Rd4 Ra5
58.Rd3 h4+ 59.Kh3 Kh5 60.Rd8 Ra3+ 61.Kg2 g5 62.Rd4 Ra2+ 63.Kg1 h3 64.Rd3 Kh4
65.Rd4+ g4 66.Rb4 Re2 67.Ra4 Kg3 68.Ra3+ Kf4 69.Ra4+ Kf3 70.Ra3+ Re3 71.Ra8 Re1+  0-1

[Event "4th ch-Arab"]
[Site "Beirut LEB"]
[Date "2000.08.11"]
[Round "6"]
[White "Abdelaziz,A"]
[Black "Kassis,A"]
[Result "1/2-1/2"]
[WhiteElo "2108"]
[BlackElo "2196"]

1.c4 Nf6 2.Nf3 g6 3.g3 Bg7 4.Bg2 O-O 5.O-O d6 6.d3 e5 7.Nc3 Nc6 8.Rb1 Nh5
9.b4 f5 10.b5 Ne7 11.Qb3 c6 12.a4 h6 13.Ba3 Be6 14.e3 g5 15.a5 g4 16.Nd2 f4
17.exf4 exf4 18.Rfe1 fxg3 19.Rxe6 gxh2+ 20.Kh1 Nf5 21.Nce4 Nd4 22.Qd1 Nxe6
23.Qxg4 Nef4 24.bxc6 bxc6 25.Rb7  1/2-1/2